絕代雙驕

資料類型: Book 圖書   書目號:53084

Leader xxxxxxxxxx
001 __ PCLIS00053084
005 __ 20220328114713.0
010 0_ |a986-146-289-9|b第四冊 : 平裝|dNT$240
010 0_ |a986-146-290-2|b第五冊 : 平裝|dNT$240
100 __ |a20200417e20182006m  y0chiy09      e
101 0_ |achi
102 __ |atw
105 __ |aa   z   000ay
200 1_ |a絕代雙驕|f古龍著
205 __ |a初版
210 __ |a臺北市|c風雲時代|d2018.11[民107]印刷
215 0_ |a5冊|d21公分
225 1_ |a古龍精品集|v9-10
300 __ |a著者本名熊耀華
306 __ |a2018年6刷
339 __ |a館藏: 第4-5冊
681 __ |a857.9|b843
700 _0 |a古龍|f1938-1985|4801 _0 |atw|b內湖高中|c20200417
801 _2 |atw|b內湖高中|c20220328|gCCR
詳細館藏 1-2 筆 (共 2 筆)
索 書 號登 錄 號冊次號館別 / 館藏地流通類型狀態加入預約清單電子資源
857.9 / 843 2020590 v.4 圖書館 / 一樓普通區 可外借30天 在館   
857.9 / 843 2020591 v.5 圖書館 / 一樓普通區 可外借30天 在館   

| 條列資料




目錄查詢 分類查詢 個人資料 圖書薦購 新書查詢 閉館日 排行榜 更多電子資源 Hami書城 線上資料庫 登出

From : 216.73.216.116

  本日流通累計至 14:05:00 借閱 : 6 次 續借 : 0 次 歸還 : 2 次 預約 : 0 次 電子資源 : 0 次


內湖高中圖書館  PCLIS 版本  25.5.0.2